000 00324nam a22001457a 4500
008 230606b ||||| |||| 00| 0 eng d
020 _a9780134758947
041 _aeng
080 _25 EDITION
_a51
082 _a51ANG
100 _a23
101 _aMATE
245 _aELEMENTARY INTERMEDIATE
_cANGEL
942 _2udc
_cBK
999 _c59916
_d59916